<?xml version="1.0" encoding="UTF-8"?><?xml-stylesheet type="text/xsl" href="static/style.xsl"?><OAI-PMH xmlns="http://www.openarchives.org/OAI/2.0/" xmlns:xsi="http://www.w3.org/2001/XMLSchema-instance" xsi:schemaLocation="http://www.openarchives.org/OAI/2.0/ http://www.openarchives.org/OAI/2.0/OAI-PMH.xsd"><responseDate>2026-04-14T04:49:24Z</responseDate><request verb="GetRecord" identifier="oai:www.recercat.cat:2072/531539" metadataPrefix="marc">https://recercat.cat/oai/request</request><GetRecord><record><header><identifier>oai:recercat.cat:2072/531539</identifier><datestamp>2025-01-03T10:43:47Z</datestamp><setSpec>com_2072_355069</setSpec><setSpec>com_2072_4427</setSpec><setSpec>col_2072_355136</setSpec></header><metadata><record xmlns="http://www.loc.gov/MARC21/slim" xmlns:dcterms="http://purl.org/dc/terms/" xmlns:xsi="http://www.w3.org/2001/XMLSchema-instance" xmlns:doc="http://www.lyncode.com/xoai" xsi:schemaLocation="http://www.loc.gov/MARC21/slim http://www.loc.gov/standards/marcxml/schema/MARC21slim.xsd">
   <leader>00925njm 22002777a 4500</leader>
   <datafield ind2=" " ind1=" " tag="042">
      <subfield code="a">dc</subfield>
   </datafield>
   <datafield ind2=" " ind1=" " tag="720">
      <subfield code="a">Bayhan, Suzan</subfield>
      <subfield code="e">author</subfield>
   </datafield>
   <datafield ind2=" " ind1=" " tag="720">
      <subfield code="a">Coronado, Estefanía</subfield>
      <subfield code="e">author</subfield>
   </datafield>
   <datafield ind2=" " ind1=" " tag="720">
      <subfield code="a">Riggio, Roberto</subfield>
      <subfield code="e">author</subfield>
   </datafield>
   <datafield ind2=" " ind1=" " tag="720">
      <subfield code="a">Thomas, Abin</subfield>
      <subfield code="e">author</subfield>
   </datafield>
   <datafield ind2=" " ind1=" " tag="260">
      <subfield code="c">2021-05-03</subfield>
   </datafield>
   <datafield ind2=" " ind1=" " tag="520">
      <subfield code="a">The complexity of wireless and mobile networks is growing at an unprecedented pace. This trend is set to make current network control and management techniques based on analytical models and simulations impractical, especially if combined with the data deluge expected from future applications like Augmented and Mixed Reality. This is especially true for Software-Defined WLANs (SD-WLANs). It is our standpoint that to tame this increase in complexity, future SD-WLANs must follow an Artificial Intelligence (AI) native approach. In this paper, we present aiOS, an AI-based platform for SD-WLANs control and management. Our proposal is aligned with the most recent trends in in-network AI pushed by ITU-T and with the architecture for disaggregated radio access networks pushed by O-RAN. We validate aiOS in a practical use case, namely frame size optimisation in SD-WLANs, and elaborate on the long term evolution, challenges, and scenarios for AI-assisted network automation in the wireless and mobile networking domain.</subfield>
   </datafield>
   <datafield ind1="8" ind2=" " tag="024">
      <subfield code="a">http://hdl.handle.net/2072/531539</subfield>
   </datafield>
   <datafield ind1="8" ind2=" " tag="024">
      <subfield code="a">10.1109/MCOM.001.2000895</subfield>
   </datafield>
   <datafield ind2="0" ind1="0" tag="245">
      <subfield code="a">AI-Empowered Software-Defined WLANs</subfield>
   </datafield>
</record></metadata></record></GetRecord></OAI-PMH>